000 00342nam a22001337a 4500
008 250914b |||||||| |||| 00| 0 eng d
022 _a0973127X
041 _aeng
245 _aGlobal Review of Business and Economic Research
260 _aNew Delhi
_bSerial Publications
300 _a84: p.
650 _aEconomic : Business
942 _cSR
999 _c46493
_d46493